000
00294nam a22001337a 4500
008
181016b xxu||||| |||| 00| 0 eng d
020
_a
0135713560
041
_a
eng
080
_2
2nd
_a
620
100
_a
27
101
_a
MEK
245
_a
Mechanics of Materials
_c
Popov,E.P
942
_2
udc
_c
BK
999
_c
49920
_d
49920